|
|
|
|
| LEADER |
02609nam a22004935i 4500 |
| 001 |
978-3-540-33148-3 |
| 003 |
DE-He213 |
| 005 |
20151204162249.0 |
| 007 |
cr nn 008mamaa |
| 008 |
100301s2007 gw | s |||| 0|eng d |
| 020 |
|
|
|a 9783540331483
|9 978-3-540-33148-3
|
| 024 |
7 |
|
|a 10.1007/978-3-540-33148-3
|2 doi
|
| 040 |
|
|
|d GrThAP
|
| 050 |
|
4 |
|a R895-920
|
| 072 |
|
7 |
|a MMPH
|2 bicssc
|
| 072 |
|
7 |
|a MMP
|2 bicssc
|
| 072 |
|
7 |
|a MED008000
|2 bisacsh
|
| 082 |
0 |
4 |
|a 616.0757
|2 23
|
| 245 |
1 |
0 |
|a Imaging of the Sternocostoclavicular Region
|h [electronic resource] /
|c edited by Anne Grethe Jurik.
|
| 264 |
|
1 |
|a Berlin, Heidelberg :
|b Springer Berlin Heidelberg,
|c 2007.
|
| 300 |
|
|
|a XV, 254 p.
|b online resource.
|
| 336 |
|
|
|a text
|b txt
|2 rdacontent
|
| 337 |
|
|
|a computer
|b c
|2 rdamedia
|
| 338 |
|
|
|a online resource
|b cr
|2 rdacarrier
|
| 347 |
|
|
|a text file
|b PDF
|2 rda
|
| 505 |
0 |
|
|a Development of the Sternocostoclavicular Region -- Bones, Cartilages and Joints -- Normal Anatomy and Variants -- Bones and Cartilages -- Sternoclavicular Joints -- Biomechanics of the Sternocostoclavicular Region -- Biomechanics of Joints and Cartilages -- Imaging Techniques and Procedures -- Conventional Radiography and Tomography -- Computed Tomography -- Magnetic Resonance Imaging -- Ultrasonography -- Radionuclide Imaging -- Clinical Problems -- Congenital and Developmental Abnormalities -- Traumatic and Post-traumatic Disorders -- Seronegative Arthritis and Sternocostoclavicular Syndromes -- Predominant Osseous Inflammatory Lesions -- Other Rheumatic Inflammatory Disorders -- Degenerative Joint Disorders, Including Condensing Osteitis -- Infectious Disorders -- Primary Bone Tumours -- Other Malignant Disorders -- Miscellaneous Disorders.
|
| 520 |
|
|
|a Review of the normal histopathological anatomy, imaging techniques and diagnostic findings for a broad spectrum of clinical problems, including a classification of inflammatory syndromes previously described under several different terms.
|
| 650 |
|
0 |
|a Medicine.
|
| 650 |
|
0 |
|a Radiology.
|
| 650 |
|
0 |
|a Oncology.
|
| 650 |
|
0 |
|a Rheumatology.
|
| 650 |
|
0 |
|a Surgical oncology.
|
| 650 |
1 |
4 |
|a Medicine & Public Health.
|
| 650 |
2 |
4 |
|a Imaging / Radiology.
|
| 650 |
2 |
4 |
|a Oncology.
|
| 650 |
2 |
4 |
|a Surgical Oncology.
|
| 650 |
2 |
4 |
|a Rheumatology.
|
| 700 |
1 |
|
|a Jurik, Anne Grethe.
|e editor.
|
| 710 |
2 |
|
|a SpringerLink (Online service)
|
| 773 |
0 |
|
|t Springer eBooks
|
| 776 |
0 |
8 |
|i Printed edition:
|z 9783540331476
|
| 856 |
4 |
0 |
|u http://dx.doi.org/10.1007/978-3-540-33148-3
|z Full Text via HEAL-Link
|
| 912 |
|
|
|a ZDB-2-SME
|
| 950 |
|
|
|a Medicine (Springer-11650)
|